| 000 | 00645nam a2200217 u 4500 | ||
|---|---|---|---|
| 005 | 20220922063634.0 | ||
| 008 | 190409s2007 r 000 0 eng d | ||
| 020 | _a9788424118990 | ||
| 035 | _aUPN01000230206 | ||
| 049 | _aI | ||
| 050 | 4 |
_aPZ76.3 _bS2.73 |
|
| 100 | 1 |
_aSayalero, Myriam _940098 |
|
| 245 | 1 | 3 |
_aEl ratón de campo y el ratón de ciudad / _cMyriam Sayalero ; il. Angeles Peinador. |
| 260 |
_aLeón, Esp. : _bEverest, _c2007. |
||
| 300 |
_a16 p. : _bil. col. |
||
| 440 | 0 | _aGirasol | |
| 650 | 0 |
_aAnimales _vCuentos y leyendas _9234 |
|
| 650 | 0 |
_aRatones _vCuentos y leyendas _923551 |
|
| 905 | _aInfantil | ||
| 999 |
_c202301 _d202301 |
||